Anime Charaktere - Statistiken

Allgemein
  • Dieses Quiz wurde 2.280 mal gespielt
  • Das Durchschnittsergebnis liegt bei 7 aus 20
Answers on the Grid
Answers color-coded by a green-red scale on the quiz's grid according to % correct below.
Ruffy
Hulk
Toshinori
Ch Sang
Hong Wo
Julius Nova Chrono
Yuno
Sung Jin-woo
Go Gun-hee
Vegeta
Nappa
Tom Hanks
Choi Siwon
Gin Gagamaru
Son Goku
Zorro
Raijin Arata
Kaito Hoshin
Kaze Ryuu
Junpei Hyuga
Luck Voltia
Shoyo Hinata
Sasuke
Tenya Lida
Kaito Kid
Kaito Kuroha
Aizawa
Krillin
Naruto
Aizen
 
Antwortstatistiken
Antwort % Korrekt
Ruffy
92%
Zorro
64%
Naruto
60%
Son Goku
59%
Vegeta
58%
Sung Jin-woo
50%
Sasuke
44%
Yuno
39%
Aizen
38%
Aizawa
34%
Krillin
32%
Shoyo Hinata
31%
Toshinori
29%
Gin Gagamaru
25%
Nappa
24%
Junpei Hyuga
20%
Julius Nova Chrono
17%
Go Gun-hee
16%
Tenya Lida
10%
Luck Voltia
6%
Keine übereinstimmenden Quizze gefunden
Verteilung der Resultate
Anzahl Personen mit jedem Resultat
Perzentil nach korrekt beantworteten Fragen
Ihre Resultats-Entwicklung
Sie haben dieses Quiz noch nicht gespielt